La Vall de Hostoles / (Record no. 154486)
[ view plain ]
| 000 -LEADER | |
|---|---|
| campo de control de longitud fija | 00735nam a2200205 i 4500 |
| 001 - NÚMERO DE CONTROL | |
| campo de control | 154486 |
| 003 - IDENTIFICADOR DE NÚMERO DE CONTROL | |
| campo de control | ES-MaACL |
| 005 - FECHA Y HORA DE LA ÚLTIMA TRANSACCIÓN | |
| campo de control | 20250827034935.0 |
| 008 - DATOS DE LONGITUD FIJA--INFORMACIÓN GENERAL | |
| campo de control de longitud fija | 930104s1894 sp |||| | cat d |
| 040 ## - FUENTE DE CATALOGACIÓN | |
| Centro catalogador/agencia de origen | CAT |
| Lengua de catalogación | spa |
| Centro/agencia transcriptor | CAT |
| Centro/agencia modificador | CCPB |
| 080 ## - NÚMERO DE LA CLASIFICACIÓN DECIMAL UNIVERSAL | |
| Número de la Clasificación Decimal Universal | 914.671 |
| 100 1# - ENTRADA PRINCIPAL--NOMBRE DE PERSONA | |
| Nombre de persona | Gomis i Mestre, Cels. |
| 9 (RLIN) | 58207 |
| 245 13 - MENCIÓN DEL TÍTULO | |
| Título | La Vall de Hostoles / |
| Mención de responsabilidad, etc. | per Cels Gomis. |
| 260 ## - PUBLICACIÓN, DISTRIBUCIÓN, ETC. | |
| Lugar de publicación, distribución, etc. | Barcelona : |
| Nombre del editor, distribuidor, etc. | Llibrería de D. Álvar Verdaguer, |
| Fecha de publicación, distribución, etc. | 1894. |
| 300 ## - DESCRIPCIÓN FÍSICA | |
| Extensión | 31 p. ; |
| Dimensiones | 18 cm. |
| 594 #1 - Nota al título y mención de responsabilidad | |
| Nota al título y mención de responsabilidad | En parte sup. de la port.: Centre Excursionista de Catalunya. |
| 710 2# - ENTRADA AGREGADA--NOMBRE DE ENTIDAD CORPORATIVA | |
| Nombre de entidad corporativa o nombre de jurisdicción como elemento de entrada | Centre Excursionista de Catalunya |
| 9 (RLIN) | 2554 |
| 852 ## - LOCALIZACIÓN | |
| Ubicación | ES-MaACL |
| Número de control de estantería | T-762-F-6 |
| Nota libre | -- Enc. hol., conservando la cub. original |
| -- | -- Enc. en un vol. facticio |
| Estatus retirado | Estado de pérdida | Estado de daño | No para préstamo | Colección | Biblioteca de origen | Biblioteca actual | Ubicación en estantería | Fecha de adquisición | Total de préstamos | Signatura topográfica completa | Código de barras | Visto por última vez | Precio de reemplazo | Tipo de ítem Koha |
|---|---|---|---|---|---|---|---|---|---|---|---|---|---|---|
| Colección de folletos | Biblioteca del Ateneo de Madrid | Biblioteca del Ateneo de Madrid | Depósito folletos | 17/01/2008 | T-762-F-6 | 1161564 | 23/02/2023 | 23/02/2023 | Folleto |
